My amiable uncle (Record no. 60079)

MARC details
000 -LEADER
fixed length control field 00980nam a2200265Mi 4500
003 - CONTROL NUMBER IDENTIFIER
control field URS
005 - DATE AND TIME OF LATEST TRANSACTION
control field 20221125082331.0
008 - FIXED-LENGTH DATA ELEMENTS--GENERAL INFORMATION
fixed length control field 220923t20191983inua ob 001 0beng d
040 ## - CATALOGING SOURCE
Original cataloging agency YDX
Language of cataloging eng
Transcribing agency YDX
-- URS
020 ## - INTERNATIONAL STANDARD BOOK NUMBER
International Standard Book Number 9781557539519
Qualifying information (electronic bk.)
020 ## - INTERNATIONAL STANDARD BOOK NUMBER
International Standard Book Number 1557539510
Qualifying information (electronic bk.)
020 ## - INTERNATIONAL STANDARD BOOK NUMBER
Canceled/invalid ISBN 1557539650
020 ## - INTERNATIONAL STANDARD BOOK NUMBER
Canceled/invalid ISBN 9781557539656
100 1# - MAIN ENTRY--PERSONAL NAME
Personal name Mayberry, Susanah,
Relator term author.
245 10 - TITLE STATEMENT
Title My amiable uncle
Medium [electronic resource] :
Remainder of title recollections about Booth Tarkington /
Statement of responsibility, etc. by Susanah Mayberry ; with an introduction by James Woodress.
264 #1 - PRODUCTION, PUBLICATION, DISTRIBUTION, MANUFACTURE, AND COPYRIGHT NOTICE
Place of production, publication, distribution, manufacture West Lafayette, Indiana :
Name of producer, publisher, distributor, manufacturer Purdue University Press,
Date of production, publication, distribution, manufacture, or copyright notice 2019
264 #4 - PRODUCTION, PUBLICATION, DISTRIBUTION, MANUFACTURE, AND COPYRIGHT NOTICE
Date of production, publication, distribution, manufacture, or copyright notice ©1983
300 ## - PHYSICAL DESCRIPTION
Extent 1 online resource
590 ## - LOCAL NOTE (RLIN)
Local note JSTOR
Provenance (VM) [OBSOLETE] Books at JSTOR Open Access
700 1# - ADDED ENTRY--PERSONAL NAME
Personal name Woodress, James Leslie,
Relator term writer of introduction.
776 08 - ADDITIONAL PHYSICAL FORM ENTRY
Qualifying information Original
International Standard Book Number 1557539650
-- 9781557539656
Record control number (OCoLC)1124800636
856 40 - ELECTRONIC LOCATION AND ACCESS
Uniform Resource Identifier <a href="https://www.jstor.org/stable/10.2307/j.ctv2x1npw6">https://www.jstor.org/stable/10.2307/j.ctv2x1npw6</a>
942 ## - ADDED ENTRY ELEMENTS (KOHA)
Source of classification or shelving scheme Library of Congress Classification
Koha item type E-Book
994 ## -
-- 92
-- PHURS
Holdings
Withdrawn status Source of classification or shelving scheme Damaged status Not for loan Home library Current library Date acquired Total Checkouts Date last seen Price effective from Koha item type
  Library of Congress Classification   Not For Loan JSTOR Open Access Books JSTOR Open Access Books 09/22/2022   09/22/2022 09/22/2022 E-Book

University of Rizal System
Email us at univlibservices@urs.edu.ph

Visit our Website www.urs.edu.ph/library